00656nam a2200169 a 450000100100000000500170001000800410002704000250006808200150009310000390010824501020014726000470024930000210029670000390031795201130035699900170046900002664420200930030330.0110324s19uu dr 000 0 spa d aDO-SdBNPbspacBNPHU axxxbC957d1 aCruz, Juan Francisco de la,95376410aDetrás de la cortina /cJuan Francisco de la Cruz ; presentación Ramón de la Rosa y Carpio. aSanto Domingo :bAmigo del Hogar,c[19??]. a126 p. ;c21 cm.1 aRosa y Carpio, Ramón de la92173 0010718PDaPDbPDcCTd2011-03-24iLF1l0oxxx C957dp26644-10r2020-06-25w2020-06-25yLFPDZNo se presta c26136d26136